Ladysmith / (Record no. 121263)
[ view plain ]
| 000 -LEADER | |
|---|---|
| fixed length control field | 00732mam a2200253 a 4500 |
| 001 - CONTROL NUMBER | |
| control field | 2372442 |
| 003 - CONTROL NUMBER IDENTIFIER | |
| control field | ARRUPE |
| 005 - DATE AND TIME OF LATEST TRANSACTION | |
| control field | 20141118141345.0 |
| 008 - FIXED-LENGTH DATA ELEMENTS--GENERAL INFORMATION | |
| fixed length control field | 990602s1999 enk 000 1 eng c |
| 020 ## - INTERNATIONAL STANDARD BOOK NUMBER | |
| International Standard Book Number | 0571197337 |
| 035 ## - SYSTEM CONTROL NUMBER | |
| System control number | (OCoLC)ocm41503096 |
| 040 ## - CATALOGING SOURCE | |
| Original cataloging agency | UKM |
| Transcribing agency | UKM |
| Modifying agency | INU |
| -- | NNC |
| 042 ## - AUTHENTICATION CODE | |
| Authentication code | pcc |
| 043 ## - GEOGRAPHIC AREA CODE | |
| Geographic area code | f-sa--- |
| 082 04 - DEWEY DECIMAL CLASSIFICATION NUMBER | |
| Classification number | 823.914 |
| Edition number | 21 |
| 300 ## - PHYSICAL DESCRIPTION | |
| Dimensions | 22 cm. |
| 100 1# - MAIN ENTRY--PERSONAL NAME | |
| Personal name | Foden, Giles, |
| Dates associated with a name | 1967- |
| 9 (RLIN) | 12715 |
| 245 10 - TITLE STATEMENT | |
| Title | Ladysmith / |
| Statement of responsibility, etc | Giles Foden. |
| 260 ## - PUBLICATION, DISTRIBUTION, ETC. (IMPRINT) | |
| Place of publication, distribution, etc | London : |
| Name of publisher, distributor, etc | Faber and Faber, |
| Date of publication, distribution, etc | c1999. |
| 300 ## - PHYSICAL DESCRIPTION | |
| Extent | 336 p. ; |
| 650 #0 - SUBJECT ADDED ENTRY--TOPICAL TERM | |
| Topical term or geographic name as entry element | South African War, 1899-1902 |
| General subdivision | Social aspects |
| Form subdivision | Fiction. |
| 9 (RLIN) | 12716 |
| 651 #0 - SUBJECT ADDED ENTRY--GEOGRAPHIC NAME | |
| Geographic name | Ladysmith (South Africa) |
| General subdivision | History |
| Chronological subdivision | Siege, 1899-1900 |
| Form subdivision | Fiction. |
| 9 (RLIN) | 12717 |
| 942 ## - ADDED ENTRY ELEMENTS (KOHA) | |
| Source of classification or shelving scheme | Library of Congress Classification |
| Koha item type | Monograph ( Printed materials) |
| Withdrawn status | Lost status | Source of classification or shelving scheme | Damaged status | Not for loan | Home library | Current library | Shelving location | Date acquired | Total Checkouts | Full call number | Barcode | Date last seen | Price effective from | Koha item type |
|---|---|---|---|---|---|---|---|---|---|---|---|---|---|---|
| Library of Congress Classification | ARRUPE LIBRARY | ARRUPE LIBRARY | Main Collection | 18/11/2014 | PZ4.F 653 L3 | 46500003718 | 02/07/2019 | 18/11/2014 | Monograph ( Printed materials) |